Dicionário complementar da língua portuguesa (Registo nº 4436)

Detalhes MARC
000 -Etiqueta do registo
Cabeçalho 00761nam a2200205 4500
005 - Identificador da versão
Campo de controlo 20240813122101.0
035 ## - Other System Control Numbers
System Control Number 1760970
100 ## - Dados gerais de processamento
Dados gerais de processamento 19930614d19711997m y0pory5003 ba
102 ## - Pais de publicação ou produção
País de publicação Portugal
101 0# - Língua de publicação
Língua do texto, banda sonora, etc. Português
215 ## - Descrição física 
Indicação específica da natureza do documento e extensão da espécie IX-1517p.
Dimensões 21cm
200 1# - Titulo e menção de responsabilidade
Título próprio Dicionário complementar da língua portuguesa
Informação de outro título ortopico, ortográfico e etimológico com um glossário de arcaísmos e uma lista das principais locuções estrangeiras aplicaveis em português
Primeira menção de responsabilidade Augusto Moreno
205 ## - Menção da edição
Menção da edição 9. ed. rev. e acrescentada
Menção de responsabilidade relativa à edição F.J. Cardoso Júnior e Dr. Dias da Silva
210 ## - Publicação, Distribuição, etc. 
Lugar da edição, distribuição, etc. Porto,
Nome do editor, distribuidor, etc. Editora Educação Nacional, pref.
Data da publicação, distribuição, etc. 1997
675 ## - Classificação Decimal Universal (CDU)
Notação 806.90-3
Edição med
Língua da edição fre
700 #1 - Nome de autor-pessoa física (responsabilidade principal)
Número de registo de entrada de autoridade 0001266
Palavra de ordem Moreno
Outra parte do nome não tomada para palavra de ordem Augusto
Datas 1870-1955
942 ## - Elementos de entrada adicionados (Koha)
Tipo de item no Koha Livro
Exemplares
Situação do levantamento Origin of item (home branch) (coded) Biblioteca de empréstimo Código de barras Cota Circulation type (not for loan) Tipo de documento Nota do exemplar Damaged status
  Biblioteca Escolar das Vendas Biblioteca Escolar das Vendas BEV2118 | 1997 0 DIC   Livro Sem mensagem